000
00299nam a22001337a 4500
008
170203b xxu||||| |||| 00| 0 eng d
020
_a
9780323008129
041
_a
eng
080
_2
15TH
_a
61
100
_a
3
101
_a
SHM
245
_a
THE HARRIET LANE HANDBOOK
_c
SIBERRY, G.K
942
_2
udc
_c
BK
999
_c
4453
_d
4453